| 000 | 00787cam a2200241 4500 | ||
|---|---|---|---|
| 001 | 2246 | ||
| 005 | 20181127164820.0 | ||
| 008 | 960701s1997 njua f 001 0 eng | ||
| 010 | _a 96030383 | ||
| 020 | _a0135721733 (pbk.) | ||
| 020 | _a0135721814 | ||
| 020 | _a0135721997 (annotated instructor's ed.) | ||
| 100 | 1 |
_aFulwiler, Toby, _d1942- |
|
| 245 | 1 | 4 |
_aThe Blair handbook / _cToby Fulwiler, Alan R. Hayakawa. |
| 250 | _a2nd ed. | ||
| 260 |
_aUpper Saddle River, N.J. : _bPrentice Hall, _cc1997. |
||
| 300 |
_axxx, 943 p. : _bill. ; _c22 cm. |
||
| 500 | _a""A Blair Press book."" | ||
| 500 | _aIncludes indexes. | ||
| 650 | 0 |
_aEnglish language _xGrammar _xHandbooks, manuals, etc. |
|
| 650 | 0 |
_aEnglish language _xRhetoric _xHandbooks, manuals, etc. |
|
| 700 | 1 | _aHayakawa, Alan R. | |
| 999 |
_c1782 _d1782 |
||